000 00188nam a2200085Ia 4500
008 250605s9999 xx 000 0 und d
041 _aeng
100 _aPriyanka Singh
245 _aClick2Clinic
999 _c44794
_d44794